| 000 | 00996cam a2200301 4500 | ||
|---|---|---|---|
| 001 | 782902 | ||
| 003 | OSt | ||
| 005 | 20240319131255.0 | ||
| 008 | 730724s1971 enka b 001 0 eng | ||
| 010 | _a 73158075 | ||
| 015 | _aB72-16789 | ||
| 020 | _a0582603013 | ||
| 040 |
_aDLC _cDLC _dDLC |
||
| 043 | _afe----- | ||
| 050 | 0 | 0 |
_aSB111 _b.A42 1971 |
| 082 | 0 | 0 | _a631.5/0967 |
| 100 | 1 |
_aAcland, J. D. _q(Julien Dyke) |
|
| 245 | 1 | 0 |
_aEast African crops: _ban introduction to the production of field and plantation crops in Kenya, Tanzania and Uganda / _c J. D. Acland. |
| 260 |
_a[London], _bLongman [for the] Food and Agriculture Organization, _c1971. |
||
| 300 |
_a252 p. _bill. _c22 cm. |
||
| 350 | _a£1.25 | ||
| 504 | _aIncludes bibliographies. | ||
| 650 | 0 |
_aTropical crops _zAfrica, East. |
|
| 650 | 0 |
_aField crops _zAfrica, East. |
|
| 710 | 2 | _aFood and Agriculture Organization of the United Nations. | |
| 906 |
_a7 _bcbc _corignew _d4 _encip _f19 _gy-gencatlg |
||
| 942 |
_2lcc _cBK _n0 |
||
| 999 |
_c15073 _d15073 |
||